| 000 | 02043nam2a2200337 4500 | ||
|---|---|---|---|
| 001 | RU\NLR\BIBL_A\011668887 | ||
| 005 | 20180416164826.0 | ||
| 010 |
_a978-5-94841-278-8 _9100 |
||
| 021 |
_aRU _bКН-П-18-014438 _9КН-П-18-1040 |
||
| 035 | _a(NLR Aleph) 011668887 | ||
| 035 | _a(RuMoRGB)009557041 | ||
| 090 |
_a11225183 _c11225183 |
||
| 100 | _a20180402d2017 k y0rusy50 ca | ||
| 101 | 0 | _arus | |
| 102 | _aRU | ||
| 105 | _aa|||z|||000zy | ||
| 200 | 1 |
_aПластические искусства _eархитектура, скульптура, живопись |
|
| 210 | _d2017 | ||
| 215 |
_a72 с. _cил. |
||
| 461 | 0 |
_1001RU\NLR\BIBL_A\011668881 _12001#$aХудожественная культура Саратовского края$fА.И. Демченко$gСаратовская государственная консерватория имени Л.В. Собинова$vЧ. 2 _1700#1$aДемченко$bА. И.$gАлександр Иванович$f1943-$cискусствовед$3RU\NLR\AUTH\7729304 _911225144 _aДемченко, А. И. (искусствовед ; 1943-) _cСаратов _d2017 _fА.И. Демченко _nФГБОУ ВО "Саратовская государственная консерватория имени Л.В. Собинова" _tХудожественная культура Саратовского края _vЧ. 2 |
|
| 606 | 1 |
_aАрхитектура русская _yСаратовская область _91041553 _3RU\NLR\AUTH\6683226 |
|
| 606 | 1 |
_aЖивопись русская _yСаратовская область _92362866 _3RU\NLR\AUTH\6601633126 |
|
| 606 | 1 |
_aСкульптура русская _yСаратовская область _92362868 _3RU\NLR\AUTH\6601633127 |
|
| 686 | 1 | _aЩ113(2Р=Рус)99Саратовская обл. | |
| 686 | 1 | _aЩ143(2Р=Рус)99Саратовская обл | |
| 686 | 1 | _aЩ133(2Р=Рус)99Саратовская обл | |
| 942 | _cBOOK | ||
| 980 | _aNBR | ||
| 980 | _aNB | ||